00745nam a2200193 a 450000100060000000300090000600800410001502000150005604000280007108200150009910000600011424500550017425000060022926000330023530000090026850502130027765000310049065000300052120597CO-ViMGA141112s2004 ck r 000 u spa d a9701507746 aCO-ViMGAbspacCO-ViMGA04a620.1 M1731 aGil Mur, Francisco Javier; Cabrera Manero, Jose María10aMateriales en ingeniería : bProblemas resueltos a2 aMexico : bAlfaomega, c2002 a116p aEstructura cristalina 11 - - Propiedades físicas de los materialaes 31 - - materiales polimetricos 41 - - Diagramas de equilibrio 55 - - Propiedades mecánicas de los materiales 75 - - Metalografía 103 14aMATERIALES DE CONSTRUCCION14aRESISTENCIA DE MATERIALES